Axis Powers Quiz - Statistics

General Stats
  • This quiz has been taken 92 times
    87 since last reset
  • The average score is 10 of 15
Answer Stats
Hint Answer % Correct
Signed Tripartite Germany
98%
Signed Tripartite Italy
98%
Signed Tripartite Japan
98%
Signed Tripartite Romania
91%
Signed Tripartite Bulgaria
88%
Signed Tripartite Hungary
88%
Co-Belligerent Finland
81%
Unofficial Signatory of the Tripartite Pact Thailand
80%
Puppet State Slovakia
78%
Puppet State France
58%
Signed Tripartite Yugoslavia
45%
Co-Belligerent Iraq
38%
Puppet State Manchukuo
36%
Puppet State Croatia
30%
Puppet State Mengkukuo
2%
No matching quizzes found
Score Distribution
Percent of People with Each Score
Percentile by Number Answered
Your Score History
You have not taken this quiz since the last reset